| 000 | 00336nam a22001337a 4500 | ||
|---|---|---|---|
| 008 | 170809b xxu||||| |||| 00| 0 eng d | ||
| 020 | _a9781590280362 | ||
| 041 | _aeng | ||
| 080 |
_24TH _a004 |
||
| 100 | _a35 | ||
| 101 | _aSHKI | ||
| 245 |
_aSEARCHING AND RESEARCHING ON THE INTERNET & THE WORLD WIDE WEB _cFRANKLIN |
||
| 942 |
_2udc _cBK |
||
| 999 |
_c22956 _d22956 |
||